000 00911nam a22002177a 4500
999 _c2718
_d2718
003 AR-CdUCM
008 190305b ||||| |||| 00| 0 spa d
040 _aMUNICIPALIDAD PROVINCIAL DEL CUSCO
_cBIBLIOTECA MUNICIPAL DEL CUSCO
082 _a370 /
_bV85
100 _aVon Haden, Herbert I
_99516
245 _aInnovaciones en educación :
_bPros y contra /
260 _aBuenos Aires :
_bCentro Regional de Ayuda Técnica,
_c1974.
300 _a222 paginas ;
_c20 cm.
505 _aContenido :Individualización de la enseñanza -- Responsabilidad -- Ampliación y mejora de los planes de estudio -- Reorganización para un aprendizaje mejor -- Utilización y perfeccionamiento del personal ...
650 _aReforma educativa
_94128
650 _aMétodos experimentales
_99517
650 _aEducación
_9460
700 _aBertorini, Alejandra M.S (traductora)
_99518
942 _2ddc
_cLIBROS
945 _arum